000 00699cam a2200265 4500500
005 20260405003500.0
041 _afre
042 _adc
100 1 0 _aFesson, Sylvain
_eauthor
245 0 0 _aJuliette Armanet. Fleur d’artifice
260 _c2022.
500 _a26
690 _aChanson
690 _aDanse
690 _adisco
690 _aFleur
690 _aMontaigne
690 _aMusique
690 _apiano
690 _aRadio
690 _aVérité
690 _aViolence
786 0 _nPhilosophie magazine | 157 | 3 | 2022-03-01 | p. 75-75 | 1951-1787
856 4 1 _uhttps://shs.cairn.info/magazine-philosophie-magazine-2022-3-page-75?lang=fr&redirect-ssocas=7080
999 _c2067981
_d2067981